A study of interrelationships between vitamin and trace element profiles of mothers and newborns at parturition /
Saved in:
| Main Author: | |
|---|---|
| Format: | Thesis Book |
| Language: | English |
| Published: |
1982
|
| Subjects: | |
| Tags: |
Add Tag
No Tags, Be the first to tag this record!
|
| LEADER | 01079cam a2200289 4500 | ||
|---|---|---|---|
| 001 | u31374 | ||
| 003 | SIRSI | ||
| 008 | 830901s1982 my bt 0 eng | ||
| 015 | |a X830004029 | ||
| 035 | |a AAD-3846 | ||
| 040 | |a UMM | ||
| 050 | 1 | |a QP534 | |
| 090 | 0 | 0 | |a QP534 |b Kud |
| 091 | 0 | 0 | |a Microfiche 8593 |
| 100 | 1 | 0 | |a Kudva, Sudha Madhav |
| 245 | 1 | 2 | |a A study of interrelationships between vitamin and trace element profiles of mothers and newborns at parturition / |c by Sudha Madhav Kudva |
| 260 | |c 1982 | ||
| 300 | |a x, 225 leaves : |b ill. ; |c 28cm | ||
| 500 | |a Also available on microfiche. Kuala Lumpur : Perpustakaan Universiti Malaya, 1983. 4 microfiches : negative ; 11x15cm | ||
| 502 | |a Dissertation (M.Sc.) - Universiti Malaya, 1982 | ||
| 504 | 0 | 0 | |a Bibliography: leaves 179-213 |
| 650 | 0 | |a Trace elements in the body |x Analysis | |
| 650 | 0 | |a Vitamins in human nutrition |x Analysis | |
| 650 | 0 | |a Pregnancy |x Nutritional aspects | |
| 948 | |a 16/03/1991 |b 12/06/2002 | ||
| 596 | |a 1 | ||
| 999 | |a QP534 KUD |w LC |c 1 |i A002918829 |d 25/6/1996 |l STACKS |m P01UTAMA |n 1 |r Y |s Y |t TESIS |u 17/3/1992 | ||
